Proceedings of Geographic Information Systems Workshop, Colony Square Hotel, Atlanta, Georgia, April 1-4, 1986

Αποθηκεύτηκε σε:
Λεπτομέρειες βιβλιογραφικής εγγραφής
Συλλογικό Έργο: Geographic Information Systems Workshop : Atlanta, American Society for Photogrammetry and Remote Sensing
Μορφή: Πρακτικό Συνεδρίου Βιβλίο
Γλώσσα:English
Δημοσίευση: Falls Church : American Society for Photogrammetry and Remote Sensing, c1986
Θέματα:
Ετικέτες: Προσθήκη ετικέτας
Δεν υπάρχουν, Καταχωρήστε ετικέτα πρώτοι!

MARC

LEADER 00000nam a2200000 i 4500
001 1/2115
008 950808s1986 eng d
020 |a 0-937294-74-8 
035 |l 10014702 
040 |a GR-MY-UA  |b gre  |e aacr 
041 0 |a eng 
082 0 |a 910.285 
111 2 |a Geographic Information Systems Workshop  |d (1986  |c : Atlanta) 
245 1 0 |a Proceedings of Geographic Information Systems Workshop, Colony Square Hotel, Atlanta, Georgia, April 1-4, 1986 
260 |a Falls Church :   |b American Society for Photogrammetry and Remote Sensing,   |c c1986 
300 |a xiv, 426 p.;  |b ill.;  |c 23 cm 
500 |a Sponsored by the American Society for Programmetry and Remote Sensing 
504 |a Includes bibliographical references 
650 0 0 |a Geographic information systems  |v Congresses. 
710 2 |a American Society for Photogrammetry and Remote Sensing. 
852 |a INST  |b LESVOS  |e 19950808  |h 910.285 PRO  |p 005100007483  |q 005100007483  |t BK  |y 0 
909 |a Λ  |b 015372